000 00696nam a2200289Ia 4500
005 20260324134035.0
008 008 260324s9999 xx 000 0 eng d
020 _a9780429232176
037 _aEBOOK
040 _aCRL
040 _beng
040 _cCRL
041 _2eng
041 _aeng
084 _qCRL
100 _aJohn Weiss
_91174789
245 0 _aIndustrialization and Globalization
245 0 _bTheory and Evidence from Developing Countries
260 _bTaylor and Francis
260 _c2002
365 _a
365 _b240
856 _uhttp://www.taylorfrancis.com/books/9780429232176
942 _cEBOOK
999 _c1794994
_d1794994